[Event "Biel GM 50th"]
[Site "Biel"]
[Date "2017.08.01"]
[Round "8"]
[White "Vaganian, Rafael A"]
[Black "Hou, Yifan"]
[Result "0-1"]
[WhiteElo "2562"]
[BlackElo "2666"]
[Annotator "Marin,M"]
[PlyCount "66"]
[EventDate "2017.07.24"]
[EventType "tourn"]
[EventRounds "9"]
[EventCountry "SUI"]
[EventCategory "16"]
[SourceTitle "CBM 180"]
[Source "ChessBase"]
[SourceDate "2017.09.13"]
[SourceVersion "1"]
[SourceVersionDate "2017.09.13"]
[SourceQuality "1"]

1. d4 Nf6 2. Nf3 e6 3. e3 {A system successfully used by Yussupov throughout
his career. To tell the truth, his games have always charmed me and there were
at least two priods when I played this move order almost invariably. White is
redy to play either the Zukertort system or the 4.e3 Queen's Indian. When
choosing this opening Vaganian might have been unaware that Hou Yifan had
considerable experience against it.} b6 4. Bd3 Bb7 5. O-O d5 6. b3 Bd6 7. Bb2
O-O 8. Ne5 {With the e7-square free for the enemy knight playing in the style
of the Zukertort system is questionable.} ({I find it better to transpose to
the Queen's Indian:} 8. c4 Nbd7 9. Nc3 a6 10. Rc1 (10. Qe2 Ne4 11. a4 f5 12. a5
Rf6 13. cxd5 Nxc3 14. Bxc3 Bxd5 15. e4 fxe4 16. Bxe4 b5 17. Bd2 $14 {Fressinet,
L (2677)-Cornette,M (2581) Agen 2016 (1/2-1/2, 41)}) (10. Qc2 {[%csl Gf3]} dxc4
$5 11. bxc4 Bxf3 12. gxf3 c5 13. d5 exd5 14. cxd5 b5 15. Be2 c4 16. Ne4 Nxe4
17. fxe4 Qe7 18. f4 f6 19. Rad1 Rac8 20. Bd4 Nc5 $13 {Short,N (2697)-Hou,Y 
(2639) Bangkok 2012 CBM 148 Extra [CB] (1-0, 45)}) 10... Qe7 11. Na4 (11. cxd5
exd5 12. Ne2 Ne4 13. Ng3 f5 $15 {Batchimeg,T (2298)-Hou,Y (2617) Geneve 2013
CBM 155 [Mikhalchishin,A] (1-0, 42); offers Black the initiative in the spirit
of the... reversed Zukertort.}) 11... c5 12. Qe2 dxc4 13. bxc4 cxd4 14. exd4
Ba3 15. Ne5 Bxb2 16. Qxb2 Nxe5 17. dxe5 Nd7 18. Nxb6 Nc5 19. Bxh7+ Kxh7 20.
Nxa8 Bxa8 21. Rc3 Rd8 22. Qe2 $13 {Marin,M (2547)-Quesada,Y (2604)
Panama-Stadt 2012 (1-0, 29)}) 8... c5 9. Qe2 ({The usual move order for
reaching the game position is} 9. Nd2 Nc6 10. a3 Rc8 11. Qe2) 9... Nc6 10. a3
Rc8 11. Nd2 Ne7 $1 {This move anticipates f2-f4 by increasing the control over
e4 and f5.} 12. Rad1 {Choosing which rook to place on d1 depends on what White
plans doing later.} ({To me,} 12. Rfd1 {is more natural.} Ng6 13. c4 Qc7 14.
cxd5 exd5 15. Nef3 Ne4 16. dxc5 Nxc5 17. Rac1 Qd7 18. Bb5 Qe7 19. b4 Ne4 20.
Nd4 $14 {Cvitan,O (2542)-Caruana,F (2646) Budva 2009 (1/2-1/2, 27)}) (12. f4 {
reveals the main idea behind Black's previous play:} Ne4 13. Bxe4 dxe4 14. dxc5
Rxc5 15. c4 f6 16. Ng4 Rc7 17. Rfd1 Nf5 18. Nf1 Qe7 $15 {Rajlich,I (2417)-Hou,
Y (2557) Budapest 2008 (1/2-1/2, 52)}) 12... Qc7 {A wise move, increasing the
pressure on e5 in order to avoid dxc5.} (12... b5 13. dxc5 $1 {offers White
good play on the dark squares.} (13. Bxb5 cxd4 {[%csl Gc2]}) 13... Rxc5 (13...
Bxc5 14. Bxb5) 14. b4 (14. f4 $14) 14... Rc8 15. Nb3 (15. Ng4 Nd7 16. e4 $14)
15... Qc7 16. f4 Ng6 (16... a6 $5 {[%csl Gb5]} 17. Bd4 Ne4 18. Bxe4 dxe4 19.
Nc5 Nf5 $132) 17. Ng4 Nxg4 18. Qxg4 f5 19. Qh5 $16 {Torres,J (2318)-Hevia
Alejano,C (2518) Bogota 2012 (0-1, 40)}) ({Keeping the pawn on b6 does not
inhibit dxc5 at all.} 12... Rc7 13. f4 (13. dxc5 $5 bxc5 14. c4 Ng6 15. f4 $14)
13... Qa8 14. dxc5 Bxc5 (14... bxc5 15. c4 $14) 15. b4 Bd6 {Gerber,R (2363)
-Curien,N (2204) Bern 2014 (1/2-1/2, 63)} 16. Ndf3 $14 {[%cal Gf3d4,Gf3g5]})
13. c4 {When playing Rad1 Vaganian might have planned refraining from c2-c4,
but now failed to find anything better.} ({Do not ask me what this move means!
} 13. h3 b5 {Now this works out well since dxc5 is not available.} 14. Bxb5
cxd4 15. exd4 Qxc2 $15 {1/2-1/2 (40) Rakhmanov,A (2616)-Jaracz,P (2527)
Legnica 2013}) (13. f4 {offers Black activ play, just as one move earlier} Ne4
14. Bxe4 dxe4 15. dxc5 Bxc5 16. b4 Bxe3+ $1 17. Qxe3 Nf5 18. Qh3 Qxc2 19. Ndc4
(19. Ba1 Ba6 20. Rfe1 Rfd8 $19) 19... Rxc4 20. Rc1 Qxb2 21. Nxc4 Qd4+ 22. Kh1
e3 $17 {Sambuev,B (2523)-Gundavaa,B (2519) Istanbul 2012 (0-1, 46)}) 13... Ne4
14. cxd5 Nxd2 (14... exd5 15. Rc1 {[%cal Gf1d1] offers White some pressure
even though he has basically lost a tempo.}) 15. Rxd2 Bxd5 {Suddenly White
experiences some problems. His ueenside pawns are vulnerable and he also has
watching out for kingside threats.} 16. Qh5 $6 {This fails ensuring the
initiative and only causes hite losing coordination.} ({He would have needed
resorting to radical measures to avoid future problems.} 16. Nc4 Bxh2+ 17. Kh1
{[%cal Ge2h5,Gd4c5]} Bd6 18. Nxd6 Qxd6 19. dxc5 bxc5 (19... Rxc5 20. b4 Rc7 21.
f4 $36 {[%cal Ge3e4,Gf4f5]}) (19... Qxc5 20. Rc1 Qd6 21. Rxc8 Nxc8 22. Qg4 $36)
20. Ba6 Rc6 21. Bb5 Rb6 22. e4 Rxb5 23. Qxb5 Qf4 24. Rxd5 exd5 25. exd5 $11)
16... f5 (16... h6 17. dxc5 Bxc5 18. Ng4 $16) (16... g6 $1 17. Qh6 (17. Qd1
cxd4 18. exd4 $15) 17... Bxe5 (17... cxd4 18. Rc2 Qb7 19. Ng4 f6 20. Qh4 $132)
18. dxe5 Bxb3 $15) 17. Nc4 cxd4 18. Bxd4 (18. Nxd6 Qxd6 19. Bxd4 Qxa3) 18...
Ng6 (18... Bc5 19. Be5 Qb7 20. Rfd1 $13 Bxg2 $2 21. Qg5 $18) 19. Nxd6 Qxd6 20.
b4 $2 {It is hard to say whether Vaganian overlooked or wrongly calculated the
consequences of the following combination.} (20. Ba6 Rcd8 21. Bb2 Qe7 {may
have still been about equal.}) 20... Bxg2 $1 21. Kxg2 Qxd4 $1 22. Qxg6 (22.
exd4 Nf4+ 23. Kf3 Nxh5 $17) 22... Qd5+ 23. e4 fxe4 24. Qxe4 Qg5+ $1 {I believe
Vaganian missed either 20...Bxg2 or this last move.} 25. Kh1 Qxd2 26. Qxh7+ Kf7
27. Qg6+ Ke7 28. Qxg7+ Rf7 {White has no attack so the game is basically over.}
29. Qd4 Qf4 30. Qxf4 Rxf4 31. f3 Rd4 32. Be4 Rd2 33. Rg1 Rc3 0-1

[Event "Bundesliga 0203"]
[Site "Germany"]
[Date "2002.12.13"]
[Round "7.3"]
[White "Jussupow, Artur"]
[Black "Appel, Ralf"]
[Result "1/2-1/2"]
[WhiteElo "2622"]
[BlackElo "2503"]
[Annotator "Mikhalevski,V"]
[PlyCount "102"]
[EventDate "2002.10.19"]
[EventType "team-tourn"]
[EventRounds "15"]
[EventCountry "GER"]
[SourceTitle "CBM 093"]
[Source "ChessBase"]
[SourceDate "2003.04.01"]
[SourceVersion "1"]
[SourceVersionDate "2003.04.01"]
[SourceQuality "1"]
[WhiteTeam "Solingen"]
[BlackTeam "Wattenscheid"]
[WhiteTeamCountry "GER"]
[BlackTeamCountry "GER"]

1. d4 Nf6 2. Nf3 e6 3. e3 b6 4. Bd3 c5 5. O-O Be7 6. c4 $1 {[%cal Gd4d5] White
creates a positional threat d5.} O-O ({Black also experience problems after
more popular} 6... Bb7 7. Nc3 cxd4 8. exd4 d5 9. cxd5 Nxd5 10. Ne5 O-O 11. Qg4
Nf6 12. Qh4 Nc6 $140 $2 13. Bg5 g6 14. Ba6 $1 $18) 7. d5 $1 {Transposing into
a good version of Benoni.} d6 (7... exd5 8. cxd5 d6 (8... Nxd5 $2 {is bad in
view of} 9. Be4 $1 {[%csl Ra8,Rd5]}) 9. h3 Ba6 10. Nc3 $14 {0-1 Palos,O-Dobosz,
H/Porz 1991/EXT 97 (45)}) 8. Nc3 e5 $14 {Now White has a typical for these
positions advantage. Black is very passive and has problems creating
counterplay especially with the e-pawn on e3.} 9. Ne1 $5 {[%cal Gf2f4,Gf4f5] A
new interesting idea. White wants to take space on the king side with f4-f5.} (
{In two preceding games White tested} 9. Qc2 $5 Ne8 $2 10. Bxh7+ {0-1
Danielsen,A-Jansson,J/NOR 1994/EXT 2000 (38)}) ({and} 9. h3 Ne8 10. e4 g6 11.
Bh6 Ng7 12. Qd2 f5 13. exf5 $6 (13. a3 $5) 13... gxf5 14. Nh2 $6 Rf6 {0-1
Dussol,P-Prie,E/FRA 1990/EXT 2000 (52)}) 9... Ng4 10. h3 Nh6 11. f4 exf4 12.
exf4 {[%csl Rh6][%cal Gg2g4] Probably White wants to take even more space with
g4.} f5 {[%csl Rc8,Rh6] After this move both the h6-knight and the
c8-bishopare getting very passive.} ({Black could try to activate his pieces
with} 12... Nf5 $5 13. Nf3 Bf6) 13. Be3 ({As we can see from the game} 13. Bd2
$5 {would be even more accurate.}) 13... Na6 14. Nf3 Nf7 15. a3 {[%cal Gd1c2]}
Bf6 16. Qc2 $16 {White is clearly better. The only problem is to find a break
through pawn chains.} g6 17. Rae1 Kg7 18. Nd1 $5 {[%cal Ge3d2,Gd1e3]
Interesting regrouping of forces. The bishop is leaving the e3-square for the
knight, while the c3-square can be used by the bishop.} ({White could also
start with doubling the rooks.} 18. Re2 {[%cal Gf1e1]}) 18... Nc7 19. Bd2 {
[%cal Gd1e3]} Re8 20. Ne3 {[%cal Gg2g4] White is ready to open the position
with g4.} h5 {[%csl Gg4] Aimed against g4.} 21. Re2 {[%cal Gf1e1] Now White
doubles the rooks behind the knight.} Bd7 22. Rfe1 a5 {[%cal Ga5a4]} 23. b3 b5
24. cxb5 {[%csl Gc4][%cal Ge3c4] Concrete approach to the position. White
feels that it's not easy to win on one side and opens second front. The
c4-square is reserved for the knight.} Nxb5 $8 (24... Bxb5 $2 {loses on the
spot} 25. Bxb5 Nxb5 $140 26. Nxf5+ {[%csl Re8,Rg7]}) 25. Bxb5 $6 (25. a4 $1 {
deserved serious attention with the idea to leave black with a passive bishop
on d7 and to prevent possible counterplay with a4.} Nd4 26. Nxd4 Bxd4 27. Kh2 {
[%csl Ra5][%cal Ge3c4]}) 25... Bxb5 26. Nc4 Rxe2 27. Rxe2 a4 $1 {[%cal Ga4b3]
Black gets some counterplay on the queen side. Now he's threatening ab
followed by Bxc4 and Rxa3.} 28. Bc1 {[%csl Ra3][%cal Gc1a3]} (28. Re3 $5 {
[%csl Ra3][%cal Ge3a3] Unpinning the knight and defending the a3-pawn looked
better than a move in the text.}) 28... axb3 29. Qxb3 Ba4 {Now it's clear that
something went wrong for White. Instead of comfortable advantage after the
opening White got a position where Black has counter chances.} 30. Qd3 (30. Qb1
$5 Rb8 $140 (30... Bd1 31. Re3) 31. Bb2) 30... Rb8 $6 {This natural move is,
probably, an inaccuracy. Perhaps Black got over-optimistic about his position.}
({I think Black could try to repeat the moves with} 30... Bb5 $5 $11 {[%cal
Ga8a4]} 31. Qb3 Ba4) 31. Bb2 $1 {[%csl Rf7] Certainly exchange of bishops and
rooks is in White's favor.} Rb3 32. Qd2 $2 ({Weird} 32. Qb1 $1 {[%cal Gf3d2]
was better. The idea is to prevent Bb5 preparing Nfd2. Black can't make use of
the pin.} Kh7 (32... Bxb2 33. Rxb2) 33. Nfd2 Rb7 34. Qc1 $14 {[%csl Rf7] and
White has one extra piece in the play.}) 32... Bxb2 $1 ({Black could also win
a pawn with} 32... Bb5 $5 {but after} 33. Re6 $1 {[%csl Rf6]} Bxb2 34. Nxb2
Rxa3 35. Nc4 $1 {[%cal Gd2b2]} Rb3 $1 {[%csl Gb2,Gc3]} 36. Na5 $1 Rb1+ 37. Kh2
{[%csl Ga5,Gf3,Rf7][%cal Gd2c3] White has a good compensation for a pawn
thanks to better pieces.}) 33. Nxb2 Bb5 $2 {After this move White gets his
advantage back.} ({Black could win a pawn with} 33... Rxa3) 34. Re3 Rxe3 35.
Qxe3 Qf6 36. Nd1 $1 {[%cal Gd1c3]} Bc4 {[%csl Rd5] Black prefers to play with
the Queens.} ({In case of} 36... Qa1 37. Qc3+ Qxc3 38. Nxc3 $14 {White is
better.}) 37. Nc3 Qd8 $6 {Black misses a strong reply. However the position is
already unpleasant. Black had to wait.} 38. Nd4 $1 {[%cal Gd4e6]} Qa8 $1 ({
The position after} 38... Bxd5 39. Nxd5 cxd4 40. Qxd4+ {[%csl Gd4,Gd5,Rf7,Rg7]
is very unpleasant for Black.}) 39. Ne6+ Kh6 40. Ng5 $5 {Making use of the
fact that Black can't exchange the knights.} ({Immediate} 40. a4 $5 {deserved
serious attention since the d5-pawn is untouchable:} Bxd5 $4 (40... Qh8 $142 $1
) 41. Nc7) 40... Qf8 ({Of course not} 40... Nxg5 $2 41. fxg5+ Kg7 42. Qe7+ Kh8
43. Qxd6 Qxa3 44. Qf8+ Kh7 45. Qh6+ $18 {[%csl Rg6]}) 41. a4 (41. Nf3 $5 {
[%cal Gf3d2,Ge3e6]}) 41... Nd8 $5 {[%csl Re6]} ({Black could try to exchange
the knights.} 41... Nxg5 42. fxg5+ Kh7 {with chances to hold the position.})
42. Kh2 $1 {White secures position of the king in order to avoid possible
perpetual checks.} Nf7 {Black has to wait.} 43. h4 (43. Nf3 $5) 43... Nd8 (
43... Nxg5 44. hxg5+ Kg7 45. Qe6 {looks unpleasant for Black.}) 44. a5 $1 (44.
Qe1 $5 {[%cal Ge1b1,Gb1b8]}) 44... Nb7 45. Qe6 $5 ({White misses a nice idea.} 
45. Na4 $1 {[%cal Ga4b6]} Qg7 (45... Nxa5 46. Qc3 {[%csl Ra5,Rc4]}) (45... Bxd5
46. a6 Nd8 47. Nb6 Bc6 48. a7 $18) 46. Nb6 $1 Bb5 47. Ne6 $1 Qf6 48. Nc7 $1 {
[%csl Rb5]} Qxh4+ (48... Bf1 49. Qe1 $1 {[%cal Ga5a6]}) 49. Kg1 {[%csl Rb5]
The bishop is traped on b5!} Qd8 50. Nxb5 Nxa5 51. Qc3 $1 {[%csl Ra5,Rh6] and
White wins.}) 45... Qg7 $1 46. Qc8 $2 {Only this inaccurate move throws the
win.} (46. Nd1 $1 $18 {[%csl Rh6][%cal Gd1e3] Creating a threat Ne3 Bd3 a6!}
Nxa5 ({doesn't help} 46... Bb5 47. Ne3 $1 {[%cal Ge3f5]} Qf8 (47... Bd3 48. a6
$1) 48. Kg1 $3 {[%cal Ga5a6] Taking the king away from check on f4!} Bd3 (48...
Kg7 49. a6 $1 Bxa6 (49... Nd8 50. a7 $1) 50. Qd7+) 49. a6 Bxa6 50. Nxf5+ $3
Qxf5 51. Qe7 {[%cal Ge7h7]} Qb1+ 52. Kh2) 47. Nf2 $3 {[%cal Gf2h3,Gg5f7,Gh3g5]
Setting a mating net.}) 46... Nxa5 $1 47. Ne6 Qf6 48. g3 {[%cal Gc8g8]} (48.
Ng5 {[%cal Gc8g8]} Qg7 $1 (48... Qxc3 $2 49. Qg8 $1 Qg7 50. Nf7+)) (48. Qg8 {
leads to perpetual:} Qxh4+ 49. Kg1 Qe1+ 50. Kh2 $11) 48... Nc6 $3 $11 {
Probably playing 46.Qc8 Jussupow missed this beautiful defense.} 49. Qxc6 (49.
Qg8 $2 Ne7 $1) (49. dxc6 Bxe6 {[%cal Gf6c3]}) 49... Qxc3 50. Qxd6 Qd2+ 51. Kg1
Qe1+ $11 {Very interesting game with a spectacular end!} (51... Qe1+ 52. Kh2 (
52. Kg2 $4 Bf1+ 53. Kg1 Bd3+) 52... Qf2+ 53. Kh1 (53. Kh3 $4 Bf1#) 53... Qf1+
54. Kh2 $11) 1/2-1/2

[Event "Bundesliga 0405"]
[Site "Germany"]
[Date "2004.11.27"]
[Round "3.6"]
[White "Appel, Ralf"]
[Black "Kritz, Leonid"]
[Result "0-1"]
[WhiteElo "2507"]
[BlackElo "2543"]
[Annotator "Mueller,Karsten"]
[PlyCount "166"]
[EventDate "2004.11.12"]
[EventType "team-tourn"]
[EventRounds "15"]
[EventCountry "GER"]
[SourceTitle "CBM 105"]
[Source "ChessBase"]
[SourceDate "2005.04.11"]
[SourceVersion "1"]
[SourceVersionDate "2005.04.11"]
[SourceQuality "1"]
[WhiteTeam "Wattenscheid"]
[BlackTeam "Katernberg"]
[WhiteTeamCountry "GER"]
[BlackTeamCountry "GER"]

1. d4 Nf6 2. Nf3 e6 3. Bg5 c5 4. c3 b6 5. e4 h6 6. Bxf6 Qxf6 7. Bd3 cxd4 8.
cxd4 Bb4+ 9. Nbd2 Nc6 10. e5 Qe7 11. O-O Bxd2 12. Qxd2 Bb7 13. Be4 O-O 14. d5
exd5 15. Bxd5 Rad8 16. Rac1 Ba6 17. Rfe1 Qb4 18. Rc3 Ne7 19. Bb3 Nc6 20. a3 Qe7
21. Qf4 Na5 22. Ba2 Rc8 23. Rxc8 Rxc8 24. Nd4 Bc4 25. Nf5 Qe6 26. Bb1 Kh8 27.
Nd6 Rc6 28. Qh4 f6 29. f4 fxe5 30. fxe5 Qg8 31. Qe7 Rc7 32. Nf5 Nc6 33. Qd6 Rc8
34. Qxd7 Be6 35. Qd3 Qh7 36. Qe4 Bxf5 37. Qxf5 Qxf5 38. Bxf5 Re8 39. e6 Nd4 40.
Bh3 Kg8 41. Re4 Nb3 42. Rc4 Re7 43. Rc8+ Kh7 44. Rc3 Nc5 45. b4 Nb7 46. Rd3 Kg6
47. g3 Kf6 48. Bg2 Rc7 49. Rd7 Rxd7 50. exd7 Nd8 51. Kf2 Ke7 52. Bh3 Nf7 53.
Ke3 g6 54. Kd4 Kd6 55. Kc4 Kc6 56. Be6 Nd8 57. Bd5+ Kxd7 58. Kb5 Kd6 59. Be4 g5
60. Ka6 Nf7 61. Kxa7 Kc7 62. a4 Ne5 63. Ka6 Nc4 64. Bf3 Nd2 65. Be2 Nb3 66. g4
Nd4 67. Bf1 Nc2 68. b5 Ne3 69. Ka7 Nd5 (69... Nxf1 $2 70. a5 $18) 70. Bc4 Ne7
71. Be6 Kd6 72. Kxb6 $2 (72. Bf7 Kc7 73. Ka6 Nc8 74. Bd5 Nd6 (74... Ne7 75. Bb7
Ng6 76. Ka7 Ne5 77. a5 Nc4 (77... bxa5 78. b6+ Kd6 79. Be4 Nd7 80. b7 Kc7 81.
Bd3 Nb8 82. Bb5 $18) 78. Bd5 Nxa5 79. Ka6 $22 $18) 75. a5 bxa5 76. b6+ Kb8 77.
Kxa5 $18) 72... Kxe6 $11 73. a5 Kd7 74. Kc5 Kc7 75. b6+ Kb7 76. Kd6 $2 (76. Kb5
Ng6 77. a6+ Kb8 78. Kc5 Ne5 79. h3 Nd7+ 80. Kc6 Ne5+ 81. Kd6 Nc4+ 82. Kc5 $11)
76... Nc6 $19 77. Ke6 Nxa5 78. Kf6 Nc4 79. Kg6 Ne5+ 80. Kxh6 Nf3 81. Kg6 Kxb6
82. Kf5 Kc6 83. Ke4 Nh4 0-1

[Event "Minneapolis HB Global op"]
[Site "Minneapolis"]
[Date "2005.05.20"]
[Round "4"]
[White "Harikrishna, Pentala"]
[Black "Stein, Alex"]
[Result "1-0"]
[WhiteElo "2646"]
[BlackElo "2362"]
[Annotator "Postny,E"]
[PlyCount "59"]
[EventDate "2005.05.18"]
[EventType "swiss"]
[EventRounds "9"]
[EventCountry "USA"]
[SourceTitle "CBM 107"]
[Source "ChessBase"]
[SourceDate "2005.08.01"]
[SourceVersion "1"]
[SourceVersionDate "2005.08.01"]
[SourceQuality "1"]

1. d4 Nf6 2. Nf3 e6 3. e3 {Of course, this rock-solid system does not pretend
for an opening advantage.} b6 4. Bd3 Bb7 5. O-O Be7 6. b3 O-O 7. Bb2 c5 ({
A solid alternative is} 7... d5) ({An interesting continuation is} 7... Ne4 {
followed by 8...f5.}) 8. dxc5 {White immediatly opens the diagonal for his
dark-squared bishop.} (8. c4 cxd4 9. exd4 d5 10. Nbd2 Nbd7 11. Rc1 Rc8 12. Qe2
Rc7 13. Ng5 h6 14. Nh3 Re8 15. f4 Qa8 16. Nf3 dxc4 17. bxc4 Be4 $15 {1-0
Petrosian,T-Browne,W/Buenos Aires 1978 (41)}) ({The main line is} 8. Nbd2) 8...
bxc5 (8... Bxc5 {is a more solid recapture.}) 9. c4 (9. Nbd2 Nc6 10. c4 Qc7 11.
a3 Ng4 12. h3 Nh6 13. Qc2 f5 14. e4 Bf6 15. Rfe1 Bxb2 16. Qxb2 fxe4 17. Bxe4
Nf5 $132 {1/2-1/2 Ibragimov,I-Kohlweyer,B/Bern 1993 (41)}) 9... d5 10. Nc3 Nbd7
11. cxd5 (11. Rc1 Qa5 12. cxd5 exd5 13. Na4 Rac8 14. Bc3 Qd8 15. Bf5 Ne4 16.
Bxe4 dxe4 17. Ne5 Nxe5 18. Bxe5 f6 19. Bc3 {1/2-1/2 Khenkin,I-Lautier,J/
FRA-chT 2001 (19)}) 11... exd5 {This kind of position with "hanging pawns" in
the centre are very difficult to play for both sides. The chances are
approximately equal.} 12. Ne2 {Transfering the knight to the kingside.} (12.
Qe2 a6 13. Rfd1 Re8 14. Na4 Bd6 15. Ba3 Qe7 16. Re1 Ne4 17. Nd2 Ng5 18. Rac1
Ne6 19. Qd1 Qg5 20. Bf1 d4 $15 {Kononenko,T-Galliamova,A/Warsaw 2001}) 12...
Qb6 13. Ng3 Rfe8 14. Rc1 Bf8 $146 (14... Rad8 15. Qc2 (15. Rc2 $5 {[%cal Yd1a1]
}) 15... Bf8 16. Ng5 $6 g6 17. h4 Ne5 18. Bxe5 Rxe5 19. Nf3 Ree8 $15 {[%csl
Gf8] 0-1 Oliveira,P-Boere de Souza,I/Sao Paulo 1983 (57)}) 15. Bf5 Rad8 16. Rc2
$1 {A nice and flexible move. White keeps various options to regroup his
pieces, such as doubling on the d-file or c-file, or the queen might go to a1
to put pressure on Black's king residence.} g6 $6 {[%csl Gb2,Rg8][%cal Gb2h8]
This move obviously plays in White's hands.} ({Possible was} 16... Ne4 17. Bxd7
Rxd7 18. Ne5 Rdd8 19. Qh5 Qe6 20. Nxe4 dxe4 21. Nc4 $14) 17. Bh3 Ne4 (17... Bg7
18. Qa1 $36) 18. Bxd7 Rxd7 19. Ne5 Rdd8 $4 {[%mdl 8192] Black simply blunders
the exchange.} (19... Rd6 20. Nxe4 dxe4 21. Qa1 {White's advantage is obvious,
but far from winning.}) 20. Nxe4 dxe4 21. Nd7 $1 $18 {[%cal Gd7b6,Gd7f6]} Rxd7
22. Qxd7 Rd8 23. Qg4 Ba6 24. Rfc1 Bd3 25. Rd2 Rd5 26. Qh4 Rf5 27. Rcd1 Qa6 28.
Qd8 h5 29. Rxd3 $1 {The best practical decision. White eliminates the last
stronghold in black's position.} exd3 30. Qxd3 {Black decided to resign and
not to suffer being a pawn down in a hopeless position.} 1-0